Polyfenolické obsahové zložky kôry drevín

Na minha lista:
Detalhes bibliográficos
Autor principal: Gažová, Miriama (Author)
Outros Autores: Sekretár, Stanislav (Thesis advisor)
Formato: Manuscrito Livro
Idioma:eslovaco
Publicado em: 2016
Assuntos:
Acesso em linha:http://is.stuba.sk/zp/portal_zp.pl?podrobnosti=132791
Tags: Adicionar Tag
Sem tags, seja o primeiro a adicionar uma tag!

MARC

LEADER 00000ntm a22000003a 4500
001 stuzp58553
003 SK-STU
005 20160719155611.6
007 ta
008 150427s2015----xo-----f-mn---000-0-slo-d
040 |a STU  |b slo 
041 0 |a slo 
100 1 |a Gažová, Miriama  |u 040200  |4 aut  |U FCHPT Fakulta chemickej a potravinárskej technológie  |T FCHPT Ústav potravinárstva a výživy  |X 63921  |U C020  |Y 684  |7 63921 
242 0 1 |a The Content of Polyphenolic Components of the Bark of Trees  |y eng 
245 1 0 |a Polyfenolické obsahové zložky kôry drevín 
260 |c 2016 
650 4 |a kôra drevín  |2 slo 
650 4 |a extrakcia  |2 slo 
650 4 |a polyfenoly  |2 slo 
650 4 |a polyphenols  |2 eng 
650 4 |a bark of wood  |2 eng 
650 4 |a extraction  |2 eng 
700 1 |a Sekretár, Stanislav  |u 040250  |k Z1  |4 ths  |U FCHPT Ústav potravinárstva a výživy  |T FCHPT Oddelenie potravinárskej technológie  |X 3348  |U C0250  |Y 685  |7 A000003348 
856 4 |u http://is.stuba.sk/zp/portal_zp.pl?podrobnosti=132791 
SQL |a stuzp58553  |b DBP  |c SLO  |d Polyfenolické obsahové zložky kôry drevín  |e 63921  |f Gažová, Miriama  |g 040200  |h 3348  |i Sekretár, Stanislav  |j 20160713  |k 1785  |l 04  |m http://is.stuba.sk/zp/portal_zp.pl?podrobnosti=132791  |n B-VYKOZ  |o 5.2.24. potravinárstvo